| Tag |
First Indicator |
Second Indicator |
Subfields |
| LEADER |
00000cam a2200000 a 4500 |
| 001 |
in00001406895 |
| 005 |
20151020073012.0 |
| 008 |
970325s1997 dcuab b 000 0 eng d |
| 010 |
|
|
|a 96086469
|
| 020 |
|
|
|a 1881173151 (pbk.)
|
| 035 |
|
|
|a (OCoLC)36624748
|
| 035 |
|
|
|9 AHQ3859AM
|
| 040 |
|
|
|a IBT
|c IBT
|d CAW
|d AGL
|d TXA
|d UtOrBLW
|
| 041 |
0 |
|
|a eng
|a spa
|
| 043 |
|
|
|a s-ec---
|a s-pe---
|
| 049 |
|
|
|a TXAM
|
| 070 |
0 |
|
|a QH75.A1R37
|b no.7
|
| 072 |
|
0 |
|a P000
|
| 090 |
|
|
|a QH75.A1
|b R37 no. 7
|
| 245 |
0 |
4 |
|a The Cordillera del Cóndor region of Ecuador and Peru :
|b a biological assessment /
|c [editors, Thomas S. Schulenberg, Kim Awbrey ; assistant editor, Glenda Fabregas].
|
| 264 |
|
1 |
|a Washington, DC :
|b Conservation International, Dept. of Conservation Biology,
|c [1997]
|
| 264 |
|
4 |
|c ©1997
|
| 300 |
|
|
|a 231 pages :
|b illustrations (some color), maps ;
|c 28 cm.
|
| 336 |
|
|
|a text
|b txt
|2 rdacontent
|
| 337 |
|
|
|a unmediated
|b n
|2 rdamedia
|
| 338 |
|
|
|a volume
|b nc
|2 rdacarrier
|
| 490 |
1 |
|
|a RAP working papers ;
|v 7
|
| 500 |
|
|
|a At head of title: Rapid Assessment Program.
|
| 500 |
|
|
|a "January 1997"--Following running title.
|
| 504 |
|
|
|a Includes bibliographical references.
|
| 546 |
|
|
|a Main text in English and Spanish in parallel columns.
|
| 650 |
|
0 |
|a Natural history
|z Condor Range (Ecuador and Peru)
|
| 650 |
|
0 |
|a Biodiversity conservation
|z Condor Range (Ecuador and Peru)
|
| 650 |
|
0 |
|a Habitat conservation
|z Condor Range (Ecuador and Peru)
|
| 651 |
|
0 |
|a Condor Range (Ecuador and Peru)
|x Environmental conditions.
|
| 700 |
1 |
|
|a Schulenberg, Thomas S.
|
| 700 |
1 |
|
|a Awbrey, Kim.
|
| 700 |
1 |
|
|a Fabregas, Glenda.
|
| 710 |
2 |
|
|a Rapid Assessment Program (Conservation International)
|
| 830 |
|
0 |
|a RAP working papers ;
|v no. 7.
|
| 948 |
|
|
|a c:cer
|
| 999 |
|
|
|a MARS
|
| 999 |
f |
f |
|s 1d36f809-a9c1-3179-bfba-41ae967c6a76
|i 7aee5efb-f053-3f8c-a071-3b3107f99217
|t 0
|
| 952 |
f |
f |
|a Texas A&M University
|b College Station
|c Sterling C. Evans Library
|d Evans: Library Stacks
|t 0
|e QH75.A1 R37 no.7
|h Library of Congress classification
|
| 998 |
f |
f |
|a QH75.A1 R37 no.7
|t 0
|l Evans: Library Stacks
|